[Event "TCh-ESP 1a Division Zona Norte"]
[Site "Barcelona ESP"]
[Date "2006.08.19"]
[Round "5.2"]
[White "Cifuentes Parada, Roberto"]
[Black "Recuero Guerra, David"]
[Result "1/2-1/2"]
[WhiteElo "2488"]
[BlackElo "2396"]
[PlyCount "224"]
[EventDate "2006.08.16"]
[EventType "team"]
[EventRounds "6"]
[EventCountry "ESP"]
[Source "lmi"]
[SourceDate "2006.08.21"]

1. d4 e6 2. Nf3 Nf6 3. e3 c5 4. c4 d6 5. Nc3 Nbd7 6. Be2 a6 7. O-O Be7 8. e4
cxd4 9. Nxd4 O-O 10. Be3 Qc7 11. Rc1 b6 12. f3 Bb7 13. a3 Rac8 14. b4 Qb8 15.
Qd2 Bd8 16. Kh1 Bc7 17. Rc2 Kh8 18. Bg1 Rg8 19. Na4 g5 20. c5 dxc5 21. bxc5 Bf4
22. Qb4 bxc5 23. Nxc5 Nxc5 24. Rxc5 Rxc5 25. Qxc5 Rg6 26. Rb1 Rh6 27. e5 Nd7
28. Qd6 Qxd6 29. exd6 Bd5 30. Bxa6 Bxd6 31. Bb7 Nf6 32. Bxd5 Nxd5 33. Rb7 Bxa3
34. Rxf7 Kg8 35. Rb7 Rf6 36. h3 h6 37. Bh2 Bc5 38. Nc6 Nf4 39. Ne5 Rf5 40. Ng4
Bf8 41. Nf2 Rf7 42. Rb8 Ra7 43. Bxf4 gxf4 44. Nd3 Rf7 45. Re8 Rf6 46. Ne5 Kg7
47. Nd7 Rf7 48. Nxf8 Rxf8 49. Rxe6 Ra8 50. h4 Ra5 51. Kh2 h5 52. Re4 Rf5 53.
Kg1 Kg6 54. Kf2 Rf6 55. Rd4 Kh6 56. Ke2 Rg6 57. Kf1 Rf6 58. Rc4 Kg7 59. Rc5 Kh6
60. Kf2 Kg6 61. Rg5+ Kh6 62. Ke2 Ra6 63. Kd3 Ra1 64. Ke4 Rh1 65. Kxf4 Rxh4+ 66.
Kf5 Ra4 67. Rg6+ Kh7 68. Re6 Ra2 69. g3 Rg2 70. Kf4 Kg7 71. Re5 Kh6 72. Re1 Kg6
73. Ra1 Kh6 74. Rh1 Kg6 75. Rh3 Rg1 76. Rh4 Ra1 77. Ke3 Ra3+ 78. Kf2 Ra2+ 79.
Kg1 Rb2 80. Re4 Ra2 81. Kf1 Ra1+ 82. Kf2 Ra2+ 83. Re2 Ra3 84. Rd2 Rb3 85. Rd6+
Kf5 86. Rd5+ Kg6 87. Kg2 Ra3 88. f4 Ra1 89. Rd6+ Kg7 90. Re6 Rb1 91. Rd6 Ra1
92. Kf2 Ra2+ 93. Ke3 Ra3+ 94. Rd3 Ra4 95. Kf3 Rb4 96. Rd1 Rb3+ 97. Kg2 Rb6 98.
Kh3 Rg6 99. Rd8 Rg4 100. Rd6 Kh7 101. Re6 Kg7 102. Re1 Kh6 103. Rh1 Rg8 104.
Kg2 Kg6 105. Re1 Kh6 106. Kf3 Ra8 107. Re6+ Kg7 108. f5 Ra4 109. Re4 Ra6 110.
Kf4 Kf6 111. Re6+ Rxe6 112. fxe6 h4 1/2-1/2

[Event "TCh-ESP 1a Division Zona Norte"]
[Site "Barcelona ESP"]
[Date "2006.08.19"]
[Round "5.2"]
[White "Suarez Real, Alberto"]
[Black "Flear, Glenn C"]
[Result "1-0"]
[WhiteElo "2368"]
[BlackElo "2474"]
[PlyCount "137"]
[EventDate "2006.08.16"]
[EventType "team"]
[EventRounds "6"]
[EventCountry "ESP"]
[Source "lmi"]
[SourceDate "2006.08.21"]

1. e4 e5 2. Nf3 Nc6 3. d4 exd4 4. Nxd4 Bc5 5. Nxc6 Qf6 6. Qd2 bxc6 7. Bd3 Ne7
8. O-O Ng6 9. Kh1 Ne5 10. Be2 Qh4 11. f4 Ng4 12. Bxg4 Qxg4 13. Rf3 Bb7 14. Qc3
Bb6 15. a4 a5 16. Be3 Bxe3 17. Qxe3 O-O 18. Nd2 d5 19. Rg3 Qd7 20. Nb3 Bc8 21.
Qd4 g6 22. Nc5 Qd6 23. e5 Qe7 24. Re3 Bf5 25. c3 Rfb8 26. b4 Rb6 27. h3 h5 28.
Kh2 h4 29. Rae1 Be6 30. R3e2 Kh7 31. Rb2 Rab8 32. Ree2 Bf5 33. Rb3 Ra8 34. Rf2
Kg8 35. Rfb2 Kh7 36. Rd2 Kg8 37. Qf2 Rab8 38. Qd4 Kh7 39. Rdb2 Ra8 40. Kg1 Kg8
41. Re2 Be6 42. Ra3 Kh7 43. Ra1 Kg8 44. Rf1 Bf5 45. Kh2 Rbb8 46. Re3 Kh7 47.
Rg1 Be6 48. Rf3 Bf5 49. Re1 Kg8 50. Kh1 Kh7 51. Rfe3 Be6 52. R1e2 Rb6 53. f5
gxf5 54. Rf2 Qg5 55. Rf4 Rg8 56. Rxh4+ Kg7 57. Rf4 Kf8 58. Rf2 Ke8 59. Ref3 Rh8
60. Kh2 Rg8 61. bxa5 Rb1 62. a6 Qc1 63. Rf1 Qg5 64. R1f2 Qc1 65. Rf1 Qg5 66.
Qf2 Rxf1 67. Qxf1 Ke7 68. Qf2 Qc1 69. Qh4+ 1-0

[Event "TCh-ESP 1a Division Zona Norte"]
[Site "Barcelona ESP"]
[Date "2006.08.19"]
[Round "5.2"]
[White "Andres Gonzalez, Alberto"]
[Black "Andres Gonzalez, Ivan"]
[Result "1/2-1/2"]
[WhiteElo "2417"]
[BlackElo "2362"]
[PlyCount "88"]
[EventDate "2006.08.16"]
[EventType "team"]
[EventRounds "6"]
[EventCountry "ESP"]
[Source "lmi"]
[SourceDate "2006.08.21"]

1. e4 c5 2. Nf3 e6 3. d4 cxd4 4. Nxd4 Nf6 5. Bd3 Nc6 6. Nxc6 dxc6 7. Nd2 e5 8.
Nc4 Be6 9. Qf3 Qc7 10. a4 Be7 11. O-O O-O 12. Bg5 Rfe8 13. Ne3 Nd7 14. Bxe7
Rxe7 15. Rfd1 Rd8 16. Bc4 Nf8 17. g3 Red7 18. Rxd7 Rxd7 19. c3 f6 20. Bxe6+
Nxe6 21. Qf5 Nf8 22. h4 Rd2 23. Rd1 Rxd1+ 24. Nxd1 Qd7 25. Ne3 Qe6 26. b4 g6
27. Qxe6+ Nxe6 28. Nc4 Kf8 29. Nd6 Nd8 30. f4 Ke7 31. fxe5 fxe5 32. Nc4 Ke6 33.
Kf2 b6 34. Kf3 Nf7 35. Kg4 Nh6+ 36. Kh3 Nf7 37. Kg4 Nh6+ 38. Kf3 Nf7 39. a5 b5
40. Nd2 c5 41. Nb3 cxb4 42. cxb4 Nd8 43. Nc5+ Kd6 44. Nd3 Ne6 1/2-1/2

[Event "TCh-ESP 1a Division Zona Norte"]
[Site "Barcelona ESP"]
[Date "2006.08.19"]
[Round "5.3"]
[White "Marin, Mihail"]
[Black "Conquest, Stuart"]
[Result "1/2-1/2"]
[WhiteElo "2544"]
[BlackElo "2534"]
[PlyCount "45"]
[EventDate "2006.08.16"]
[EventType "team"]
[EventRounds "6"]
[EventCountry "ESP"]
[Source "lmi"]
[SourceDate "2006.08.21"]

1. c4 e5 2. Nc3 Nf6 3. Nf3 Nc6 4. g3 Nd4 5. Bg2 Nxf3+ 6. Bxf3 Bb4 7. Qb3 Bc5 8.
O-O O-O 9. Rd1 Re8 10. d3 h6 11. e3 Bf8 12. Qc2 Qe7 13. b4 c6 14. b5 a6 15. Na4
axb5 16. cxb5 Ra5 17. Rb1 Qe6 18. bxc6 dxc6 19. Bd2 Ra7 20. Bb4 Bxb4 21. Rxb4
Qe7 22. Rdb1 Be6 23. Qc5 1/2-1/2

[Event "TCh-ESP 1a Division Zona Norte"]
[Site "Barcelona ESP"]
[Date "2006.08.19"]
[Round "5.3"]
[White "De La Villa Garcia, Jesus M"]
[Black "Narciso Dublan, Marc"]
[Result "0-1"]
[WhiteElo "2452"]
[BlackElo "2467"]
[PlyCount "62"]
[EventDate "2006.08.16"]
[EventType "team"]
[EventRounds "6"]
[EventCountry "ESP"]
[Source "lmi"]
[SourceDate "2006.08.21"]

1. e4 g6 2. d4 Bg7 3. Nf3 d6 4. Bc4 Nf6 5. Qe2 Nc6 6. e5 Ng4 7. h3 Nh6 8. O-O
O-O 9. Nc3 Nf5 10. Rd1 dxe5 11. dxe5 Ncd4 12. Nxd4 Nxd4 13. Qe4 c5 14. Bg5 h6
15. Bh4 g5 16. Bg3 Bf5 17. Qxb7 e6 18. Ne4 Qb6 19. Qxb6 axb6 20. Nd6 Bxc2 21.
Rd2 Ba4 22. b3 Bc6 23. Rc1 Ra3 24. Bf1 Rfa8 25. Rxd4 cxd4 26. Rxc6 Rxa2 27. Bc4
Ra1+ 28. Kh2 Rd1 29. f3 Raa1 30. Bf2 Bxe5+ 31. g3 Bxd6 0-1

[Event "TCh-ESP 1a Division Zona Norte"]
[Site "Barcelona ESP"]
[Date "2006.08.19"]
[Round "5.3"]
[White "Granados Gomez, Manuel"]
[Black "Navarro Cia, Miguel"]
[Result "1/2-1/2"]
[WhiteElo "2416"]
[BlackElo "2332"]
[PlyCount "36"]
[EventDate "2006.08.16"]
[EventType "team"]
[EventRounds "6"]
[EventCountry "ESP"]
[Source "lmi"]
[SourceDate "2006.08.21"]

1. c4 f5 2. d4 Nf6 3. g3 g6 4. Bg2 Bg7 5. Nc3 O-O 6. Nh3 d6 7. d5 Na6 8. Nf4 e5
9. dxe6 c6 10. h4 Nc5 11. h5 gxh5 12. Nxh5 Nxh5 13. Rxh5 Bxe6 14. Bh6 Bxh6 15.
Rxh6 Qg5 16. Qd2 Qxd2+ 17. Kxd2 Bxc4 18. Rxd6 Rad8 1/2-1/2

[Event "TCh-ESP 1a Division Zona Norte"]
[Site "Barcelona ESP"]
[Date "2006.08.19"]
[Round "5.3"]
[White "Huerga Leache, Mikel"]
[Black "Jerez Perez, Alfonso"]
[Result "1/2-1/2"]
[WhiteElo "2310"]
[BlackElo "2383"]
[PlyCount "63"]
[EventDate "2006.08.16"]
[EventType "team"]
[EventRounds "6"]
[EventCountry "ESP"]
[Source "lmi"]
[SourceDate "2006.08.21"]

1. e4 e6 2. d4 d5 3. Nc3 Nf6 4. e5 Nfd7 5. Nf3 c5 6. dxc5 Nc6 7. Bf4 Nxc5 8.
Bd3 Be7 9. O-O g5 10. Bg3 h5 11. h3 Qb6 12. Qd2 g4 13. hxg4 hxg4 14. Nh2 Bd7
15. a4 a6 16. a5 Qb4 17. Rfd1 Nxd3 18. Qxd3 O-O-O 19. Ra4 Qc5 20. Rxg4 Qxa5 21.
Ne2 Qc7 22. Qc3 Rdg8 23. Rxg8+ Rxg8 24. Nf3 Kb8 25. Ned4 Nxd4 26. Qxc7+ Kxc7
27. Nxd4 Bc5 28. Bf4 Bxd4 29. Rxd4 Bb5 30. Bd2 Be2 31. Rf4 Bh5 32. Bb4 1/2-1/2

[Event "TCh-ESP 1a Division Zona Norte"]
[Site "Barcelona ESP"]
[Date "2006.08.19"]
[Round "5.4"]
[White "Velicka, Petr"]
[Black "Mamedov, Nidjat"]
[Result "1/2-1/2"]
[WhiteElo "2475"]
[BlackElo "2521"]
[PlyCount "65"]
[EventDate "2006.08.16"]
[EventType "team"]
[EventRounds "6"]
[EventCountry "ESP"]
[Source "lmi"]
[SourceDate "2006.08.21"]

1. e4 c5 2. Nf3 Nc6 3. Bb5 d6 4. Bxc6+ bxc6 5. O-O Bg4 6. d3 Nf6 7. Nbd2 Nd7 8.
h3 Bh5 9. b3 e5 10. Re1 Be7 11. Nf1 O-O 12. Ng3 Bg6 13. Bb2 Re8 14. c3 Rb8 15.
Re2 Bf6 16. d4 d5 17. dxe5 Nxe5 18. Nxe5 Bxe5 19. exd5 cxd5 20. Rd2 c4 21. Rxd5
Qb6 22. Nf1 cxb3 23. axb3 Qxb3 24. Qxb3 Rxb3 25. Rxa7 h6 26. Bc1 Bxc3 27. Be3
Rb1 28. Rad7 Ra8 29. Rd1 Raa1 30. Rxb1 Rxb1 31. f3 Bf5 32. Rc7 Bf6 33. Rc1
1/2-1/2

[Event "TCh-ESP 1a Division Zona Norte"]
[Site "Barcelona ESP"]
[Date "2006.08.19"]
[Round "5.4"]
[White "Del Rey, Diego"]
[Black "Rodriguez Rodriguez, Antonio"]
[Result "1-0"]
[WhiteElo "2422"]
[BlackElo "2300"]
[PlyCount "73"]
[EventDate "2006.08.16"]
[EventType "team"]
[EventRounds "6"]
[EventCountry "ESP"]
[Source "lmi"]
[SourceDate "2006.08.21"]

1. d4 Nf6 2. Bg5 Ne4 3. Bf4 c5 4. f3 Qa5+ 5. c3 Nf6 6. Nd2 cxd4 7. Nc4 Qf5 8.
Bxb8 Rxb8 9. Qxd4 b5 10. e4 Qh5 11. Ne3 d6 12. Qxa7 Rb7 13. Qd4 g5 14. a4 Bg7
15. Bxb5+ Rxb5 16. axb5 O-O 17. Ne2 g4 18. Ng3 Qxb5 19. c4 Qb4+ 20. Qd2 Qxd2+
21. Kxd2 e6 22. Ra8 gxf3 23. gxf3 Nd7 24. Kc2 Bd4 25. Nd1 Nb6 26. Ra2 d5 27.
cxd5 exd5 28. Nc3 dxe4 29. fxe4 Be6 30. Ra5 Rc8 31. Nf5 Bxf5 32. exf5 Nc4 33.
Ra4 Bf6 34. Rha1 Nb6 35. Ra6 Rc6 36. Kb3 Bxc3 37. bxc3 1-0

[Event "TCh-ESP 1a Division Zona Norte"]
[Site "Barcelona ESP"]
[Date "2006.08.19"]
[Round "5.4"]
[White "De Prado Rodriguez, Oscar B"]
[Black "Ramo Frontinan, Cristobal"]
[Result "1/2-1/2"]
[WhiteElo "2197"]
[BlackElo "2303"]
[PlyCount "52"]
[EventDate "2006.08.16"]
[EventType "team"]
[EventRounds "6"]
[EventCountry "ESP"]
[Source "lmi"]
[SourceDate "2006.08.21"]

1. d4 d6 2. Nf3 g6 3. Bf4 Bg7 4. h3 Nd7 5. e3 c5 6. c3 Ngf6 7. Nbd2 O-O 8. Be2
b6 9. O-O Bb7 10. a4 a6 11. Qb3 Qc7 12. Rfe1 Rac8 13. Bh2 Qb8 14. Qa3 Qa8 15.
Rec1 Ne4 16. Nxe4 Bxe4 17. Ne1 Rc7 18. b4 cxd4 19. cxd4 Rxc1 20. Rxc1 Rc8 21.
Rc3 Nf6 22. Qc1 Rxc3 23. Qxc3 Qc6 24. Qxc6 Bxc6 25. Bxa6 Bxa4 26. Bc4 Bc6
1/2-1/2

[Event "TCh-ESP 1a Division Zona Norte"]
[Site "Barcelona ESP"]
[Date "2006.08.19"]
[Round "5.4"]
[White "Romon Poves, Raul"]
[Black "Mazaira Alba, Javier I"]
[Result "1-0"]
[WhiteElo "2223"]
[BlackElo "2009"]
[PlyCount "51"]
[EventDate "2006.08.16"]
[EventType "team"]
[EventRounds "6"]
[EventCountry "ESP"]
[Source "lmi"]
[SourceDate "2006.08.21"]

1. d4 e6 2. e4 d5 3. Nc3 Nf6 4. e5 Nfd7 5. f4 c5 6. Nf3 Nc6 7. Be3 a6 8. Qd2 b5
9. Be2 Qb6 10. Nd1 cxd4 11. Nxd4 Nxd4 12. Bxd4 Bc5 13. c3 a5 14. a3 O-O 15. O-O
Bb7 16. Ne3 b4 17. Kh1 Rfb8 18. Ng4 h5 19. Ne3 bxc3 20. bxc3 Ba6 21. Bxa6 Rxa6
22. f5 Qb2 23. Qd1 Bxd4 24. cxd4 g6 25. fxg6 fxg6 26. Qd3 1-0

[Event "TCh-ESP 1a Division Zona Norte"]
[Site "Barcelona ESP"]
[Date "2006.08.19"]
[Round "5.5"]
[White "Rodriguez, Andres"]
[Black "Kalod, Radek"]
[Result "1/2-1/2"]
[WhiteElo "2511"]
[BlackElo "2512"]
[PlyCount "52"]
[EventDate "2006.08.16"]
[EventType "team"]
[EventRounds "6"]
[EventCountry "ESP"]
[Source "lmi"]
[SourceDate "2006.08.21"]

1. e4 c5 2. Nc3 d6 3. f4 g6 4. Nf3 Bg7 5. Bc4 Nc6 6. O-O Nf6 7. d3 O-O 8. a4
Bg4 9. h3 Bxf3 10. Rxf3 e6 11. Qf1 d5 12. exd5 Nxd5 13. Ne4 Nd4 14. Rf2 Nf5 15.
c3 Nde3 16. Bxe3 Nxe3 17. Qe1 Nxc4 18. dxc4 Qc7 19. Qe3 b6 20. Rd2 Rad8 21.
Rad1 Rxd2 22. Qxd2 Qc6 23. Qc2 Qc7 24. Qd2 Qc6 25. Qc2 Qc7 26. Qd2 Qc6 1/2-1/2

[Event "TCh-ESP 1a Division Zona Norte"]
[Site "Barcelona ESP"]
[Date "2006.08.19"]
[Round "5.5"]
[White "Borges Mateos, Juan"]
[Black "Magem Badals, Jordi"]
[Result "0-1"]
[WhiteElo "2434"]
[BlackElo "2479"]
[PlyCount "56"]
[EventDate "2006.08.16"]
[EventType "team"]
[EventRounds "6"]
[EventCountry "ESP"]
[Source "lmi"]
[SourceDate "2006.08.21"]

1. d4 d5 2. c4 c6 3. Nf3 Nf6 4. e3 Bf5 5. Nc3 e6 6. Nh4 Be4 7. f3 Bg6 8. Qb3
Qc7 9. cxd5 cxd5 10. e4 Nc6 11. Nxg6 hxg6 12. Be3 dxe4 13. fxe4 Bb4 14. Bd3
Rxh2 15. Rxh2 Qxh2 16. O-O-O Qg3 17. Bg1 O-O-O 18. Qc2 Kb8 19. Kb1 Ba5 20. d5
exd5 21. exd5 Nxd5 22. Nxd5 Rxd5 23. Bc4 Rxd1+ 24. Qxd1 Bb6 25. Bxf7 Qxg2 26.
Qd6+ Bc7 27. Bxa7+ Nxa7 28. Qf8+ Nc8 0-1

[Event "TCh-ESP 1a Division Zona Norte"]
[Site "Barcelona ESP"]
[Date "2006.08.19"]
[Round "5.5"]
[White "Alonso Seisdedos, Cayetano"]
[Black "Vidarte Morales, Arturo"]
[Result "1/2-1/2"]
[WhiteElo "2284"]
[BlackElo "2403"]
[PlyCount "29"]
[EventDate "2006.08.16"]
[EventType "team"]
[EventRounds "6"]
[EventCountry "ESP"]
[Source "lmi"]
[SourceDate "2006.08.21"]

1. e4 c5 2. Nf3 d6 3. d4 cxd4 4. Nxd4 Nf6 5. Nc3 Nc6 6. Bg5 e6 7. Qd2 a6 8.
O-O-O Bd7 9. f4 h6 10. Bh4 g5 11. fxg5 Ng4 12. Nxc6 Bxc6 13. Be2 Ne5 14. g3 Ng6
15. Kb1 1/2-1/2

[Event "TCh-ESP 1a Division Zona Norte"]
[Site "Barcelona ESP"]
[Date "2006.08.19"]
[Round "5.5"]
[White "Hernando Rodrigo, Jose Maria"]
[Black "Fernandez-Diaz Mascort, M."]
[Result "1-0"]
[WhiteElo "2400"]
[BlackElo "2193"]
[PlyCount "61"]
[EventDate "2006.08.16"]
[EventType "team"]
[EventRounds "6"]
[EventCountry "ESP"]
[Source "lmi"]
[SourceDate "2006.08.21"]

1. d4 c5 2. d5 e5 3. e4 Nf6 4. Bd3 d6 5. c4 Be7 6. Nc3 O-O 7. a3 Na6 8. Rb1 Bg4
9. Nge2 Nh5 10. f3 Bd7 11. g4 Bh4+ 12. Kf1 Qf6 13. Kg2 Nf4+ 14. Nxf4 exf4 15.
Qd2 g5 16. b4 h5 17. h3 Rae8 18. Bb2 Qd8 19. Nb5 Qb8 20. Bc2 f6 21. Qd3 hxg4
22. hxg4 f5 23. Qc3 Re5 24. Nxd6 Qxd6 25. Qxe5 Qxe5 26. Bxe5 fxg4 27. Bd1 gxf3+
28. Bxf3 b6 29. Bd6 Rf7 30. b5 Rf6 31. Be5 1-0

[Event "TCh-ESP 1a Division Zona Norte"]
[Site "Barcelona ESP"]
[Date "2006.08.19"]
[Round "5.6"]
[White "Adla, Diego"]
[Black "Garcia Roman, Daniel"]
[Result "1-0"]
[WhiteElo "2474"]
[BlackElo "2438"]
[PlyCount "52"]
[EventDate "2006.08.16"]
[EventType "team"]
[EventRounds "6"]
[EventCountry "ESP"]
[Source "lmi"]
[SourceDate "2006.08.21"]

1. c4 c6 2. e4 d5 3. exd5 cxd5 4. d4 Nf6 5. Nc3 e6 6. Nf3 Be7 7. cxd5 Nxd5 8.
Bd3 O-O 9. O-O Nc6 10. Re1 Nf6 11. a3 b6 12. Bc2 Bb7 13. Qd3 Rc8 14. d5 exd5
15. Bg5 Ne4 16. Nxe4 dxe4 17. Qxe4 f5 18. Qh4 Rc7 19. Rad1 Qe8 20. Qf4 Rd7 21.
Bb3+ Kh8 22. Rxd7 Qxd7 23. Bxe7 Nxe7 24. Ne5 Qb5 25. Bc4 Nd5 26. Ng6+ Kg8 1-0

[Event "TCh-ESP 1a Division Zona Norte"]
[Site "Barcelona ESP"]
[Date "2006.08.19"]
[Round "5.6"]
[White "Campos Aucejo, Vicente"]
[Black "Glavina, Pablo"]
[Result "0-1"]
[WhiteElo "2254"]
[BlackElo "2441"]
[PlyCount "88"]
[EventDate "2006.08.16"]
[EventType "team"]
[EventRounds "6"]
[EventCountry "ESP"]
[Source "lmi"]
[SourceDate "2006.08.21"]

1. c4 Nf6 2. d4 c5 3. d5 e6 4. Nc3 exd5 5. cxd5 d6 6. e4 g6 7. Nf3 Bg7 8. h3
O-O 9. Bd3 b5 10. O-O a6 11. Bf4 Re8 12. Re1 Bb7 13. Qd2 Qb6 14. Bxd6 Qxd6 15.
e5 Qb6 16. exf6 Rxe1+ 17. Rxe1 Bxf6 18. Re8+ Kg7 19. Qf4 Nd7 20. Rxa8 Bxa8 21.
Be4 b4 22. Nd1 c4 23. Ne3 c3 24. bxc3 bxc3 25. Ng4 c2 26. Bxc2 Bxd5 27. Qh6+
Kg8 28. Ng5 Bxg5 29. Qxg5 Bxa2 30. Qe7 Be6 31. Nh6+ Kg7 32. Nxf7 Bxf7 33. Qxd7
a5 34. h4 Qb2 35. Bd1 Qe5 36. g3 Qd5 37. Qxd5 Bxd5 38. f4 Kf6 39. Kf2 Bc6 40.
Ke3 a4 41. Bc2 a3 42. Bb3 Bd7 43. h5 Be6 44. hxg6 hxg6 0-1

[Event "TCh-ESP 1a Division Zona Norte"]
[Site "Barcelona ESP"]
[Date "2006.08.19"]
[Round "5.6"]
[White "Lopez Gracia, Fernando"]
[Black "Balada Moreno, Jose L"]
[Result "1-0"]
[WhiteElo "2339"]
[BlackElo "2170"]
[PlyCount "45"]
[EventDate "2006.08.16"]
[EventType "team"]
[EventRounds "6"]
[EventCountry "ESP"]
[Source "lmi"]
[SourceDate "2006.08.21"]

1. e4 d6 2. d4 Nf6 3. Nc3 g6 4. Be3 c6 5. Qd2 b5 6. Bd3 Nbd7 7. Nf3 a6 8. O-O
Bg7 9. Bh6 O-O 10. Bxg7 Kxg7 11. e5 Ne8 12. Rad1 e6 13. Ne4 dxe5 14. dxe5 Qc7
15. Rfe1 c5 16. Ng3 Bb7 17. Be4 Bxe4 18. Rxe4 Ra7 19. Rh4 Rh8 20. Qh6+ Kg8 21.
Re4 Ng7 22. Re2 f6 23. Red2 1-0

[Event "TCh-ESP 1a Division Zona Norte"]
[Site "Barcelona ESP"]
[Date "2006.08.19"]
[Round "5.6"]
[White "Gonzalez Aguirre, Luis"]
[Black "Gomez Anadon, Daniel"]
[Result "1/2-1/2"]
[WhiteElo "2217"]
[BlackElo "2254"]
[PlyCount "52"]
[EventDate "2006.08.16"]
[EventType "team"]
[EventRounds "6"]
[EventCountry "ESP"]
[Source "lmi"]
[SourceDate "2006.08.21"]

1. c4 e6 2. g3 d5 3. d4 Nf6 4. Bg2 dxc4 5. Qa4+ Nbd7 6. Qxc4 c5 7. Nf3 a6 8.
Qc2 cxd4 9. Nxd4 e5 10. Nb3 Bd6 11. O-O O-O 12. Rd1 Qe7 13. Na3 Nc5 14. Be3
Nxb3 15. Qxb3 Ng4 16. Bb6 Be6 17. Bd5 Bxd5 18. Qxd5 Bxa3 19. bxa3 Nf6 20. Qd6
Qxd6 21. Rxd6 Rac8 22. Rad1 h6 23. f3 Rc2 24. R1d2 Rfc8 25. Kf2 Rxd2 26. Rxd2
Rc6 1/2-1/2

[Event "TCh-ESP 1a Division Zona Norte"]
[Site "Barcelona ESP"]
[Date "2006.08.19"]
[Round "5.7"]
[White "Del Barrio Gomez, Jesus M"]
[Black "Cabrera, Alexis"]
[Result "0-1"]
[WhiteElo "2239"]
[BlackElo "2506"]
[PlyCount "88"]
[EventDate "2006.08.16"]
[EventType "team"]
[EventRounds "6"]
[EventCountry "ESP"]
[Source "lmi"]
[SourceDate "2006.08.21"]

1. e4 c5 2. d3 Nc6 3. g3 d5 4. Nd2 Nf6 5. Bg2 e5 6. Ngf3 Be7 7. O-O O-O 8. Re1
d4 9. Nc4 Bg4 10. a4 Nd7 11. c3 Nb6 12. Nxb6 Qxb6 13. h3 Bh5 14. Qc2 dxc3 15.
g4 Bg6 16. Qxc3 Qc7 17. Be3 b6 18. Rec1 Rac8 19. a5 Rfd8 20. axb6 axb6 21. Bf1
f6 22. Be2 Bf7 23. Ne1 Qd7 24. Kg2 b5 25. Nc2 Nd4 26. Bxd4 exd4 27. Qd2 c4 28.
Ne1 c3 29. Qc2 b4 30. b3 Ra8 31. Bd1 Bd6 32. Qe2 Bc7 33. Qf3 Ra3 34. Rxa3 bxa3
35. Ra1 Qd6 36. Nc2 Bxb3 37. Qg3 Qb6 38. Qf3 a2 39. Qe2 Qd6 40. Qf3 Rb8 41. Kf1
Be6 42. g5 fxg5 43. Qh5 h6 44. Bg4 Bf7 0-1

[Event "TCh-ESP 1a Division Zona Norte"]
[Site "Barcelona ESP"]
[Date "2006.08.19"]
[Round "5.7"]
[White "Pena Riasco, Alexander"]
[Black "Casares Cabanas, Carlos"]
[Result "0-1"]
[WhiteElo "2313"]
[BlackElo "2207"]
[PlyCount "96"]
[EventDate "2006.08.16"]
[EventType "team"]
[EventRounds "6"]
[EventCountry "ESP"]
[Source "lmi"]
[SourceDate "2006.08.21"]

1. c4 Nf6 2. Nc3 g6 3. g3 Bg7 4. Bg2 d6 5. e3 O-O 6. Nge2 c5 7. O-O Nc6 8. d3
Bd7 9. h3 a6 10. Kh2 Rb8 11. a4 e6 12. e4 Ne8 13. f4 f5 14. Be3 Nd4 15. exf5
gxf5 16. Ng1 Bc6 17. Rf2 Kh8 18. Nce2 Qd7 19. Nc3 Rg8 20. Nf3 h6 21. Nh4 Qf7
22. Ne2 Bf6 23. Bxd4 cxd4 24. b4 Bxh4 25. gxh4 Rxg2+ 26. Rxg2 Bxg2 27. Kxg2 Qf6
28. Qe1 Ng7 29. Qf2 e5 30. c5 dxc5 31. bxc5 Ne6 32. Rc1 e4 33. dxe4 fxe4 34. f5
e3 35. Qf3 Rf8 36. Ng3 Qxh4 37. Rf1 Ng5 38. Qg4 Qxg4 39. hxg4 d3 40. Rb1 Rd8
41. Nf1 Re8 42. Re1 e2 43. Nd2 Ne4 44. Nc4 d2 45. Nxd2 Nxd2 46. Kf2 Ne4+ 47.
Kf3 Nxc5 48. a5 Kg7 0-1

[Event "TCh-ESP 1a Division Zona Norte"]
[Site "Barcelona ESP"]
[Date "2006.08.19"]
[Round "5.7"]
[White "Vega Gomez, Francisco B"]
[Black "Sanchez Romero, M A."]
[Result "0-1"]
[WhiteElo "2061"]
[BlackElo "2208"]
[PlyCount "56"]
[EventDate "2006.08.16"]
[EventType "team"]
[EventRounds "6"]
[EventCountry "ESP"]
[Source "lmi"]
[SourceDate "2006.08.21"]

1. d4 Nf6 2. Nf3 g6 3. g3 Bg7 4. Bg2 O-O 5. O-O d6 6. Nc3 Nbd7 7. e4 e5 8. h3
Re8 9. Re1 c6 10. a4 b6 11. d5 cxd5 12. exd5 Bb7 13. Be3 Nc5 14. a5 Rc8 15.
axb6 axb6 16. Nd2 b5 17. Nxb5 Bxd5 18. c4 Bxg2 19. Kxg2 Nd3 20. Rf1 d5 21. Qb3
dxc4 22. Qa4 Nxb2 23. Qb4 Qd5+ 24. Kh2 Nd3 25. Qa4 c3 26. Nb1 c2 27. N1c3 Qc4
28. Qxc2 Qxb5 0-1

[Event "TCh-ESP 1a Division Zona Norte"]
[Site "Barcelona ESP"]
[Date "2006.08.19"]
[Round "5.7"]
[White "Carbonell Bofill, Carlos"]
[Black "Florez Rodriguez, Diego"]
[Result "1-0"]
[WhiteElo "2175"]
[BlackElo "2071"]
[PlyCount "143"]
[EventDate "2006.08.16"]
[EventType "team"]
[EventRounds "6"]
[EventCountry "ESP"]
[Source "lmi"]
[SourceDate "2006.08.21"]

1. Nf3 Nf6 2. d4 e6 3. Nbd2 c5 4. c3 Nc6 5. e3 d5 6. Bd3 Bd6 7. O-O O-O 8. dxc5
Bxc5 9. e4 e5 10. b4 Bd6 11. exd5 Nxd5 12. Ne4 Bc7 13. Bc4 Nb6 14. Bb3 Qxd1 15.
Rxd1 a5 16. b5 a4 17. Ba3 Rd8 18. Bxf7+ Kxf7 19. bxc6 Rxd1+ 20. Rxd1 bxc6 21.
Bd6 Bxd6 22. Rxd6 Nd7 23. Neg5+ Kg8 24. Nxe5 h6 25. Nxd7 Bxd7 26. Rxd7 hxg5 27.
g4 Ra5 28. Rd4 Kf7 29. Rc4 c5 30. Re4 a3 31. Kg2 Kf6 32. Kf3 Ra8 33. Ke3 Rh8
34. Ra4 Rh3+ 35. f3 Rxh2 36. Rxa3 Ke5 37. Ra7 Rc2 38. Kd3 Rf2 39. Re7+ Kd6 40.
Rxg7 Rxf3+ 41. Kc2 Rf2+ 42. Kb3 c4+ 43. Kb4 Rxa2 44. Rxg5 Rb2+ 45. Kxc4 Rb1 46.
Rd5+ Kc6 47. Rf5 Kd6 48. Rb5 Rg1 49. Rb6+ Ke5 50. Rg6 Rc1 51. Rc6 Rg1 52. g5
Rg4+ 53. Kb5 Kd5 54. c4+ Kd4 55. Rd6+ Ke5 56. Rg6 Kf5 57. Rg7 Ke6 58. c5 Rg1
59. Kc6 Rc1 60. g6 Rc2 61. Rg8 Ke7 62. Rc8 Kf6 63. Rf8+ Kxg6 64. Kd6 Kg7 65.
Rf1 Kg8 66. c6 Rd2+ 67. Ke7 Re2+ 68. Kd7 Rd2+ 69. Kc8 Rc2 70. c7 Rc3 71. Rd1
Kf7 72. Kd7 1-0

[Event "TCh-ESP 1a Division Zona Norte"]
[Site "Barcelona ESP"]
[Date "2006.08.19"]
[Round "5.8"]
[White "Baches Garcia, Guillermo"]
[Black "Oms Fuentes, Lluis"]
[Result "1/2-1/2"]
[WhiteElo "2383"]
[BlackElo "2310"]
[PlyCount "44"]
[EventDate "2006.08.16"]
[EventType "team"]
[EventRounds "6"]
[EventCountry "ESP"]
[Source "lmi"]
[SourceDate "2006.08.21"]

1. e4 c5 2. Nf3 Nc6 3. d4 cxd4 4. Nxd4 Nf6 5. Nc3 e5 6. Ndb5 h6 7. Nd6+ Bxd6 8.
Qxd6 Qe7 9. Qxe7+ Kxe7 10. b3 a6 11. Ba3+ d6 12. O-O-O Rd8 13. Nd5+ Nxd5 14.
exd5 Nb8 15. Re1 Nd7 16. f4 f6 17. g3 b6 18. Re3 a5 19. Bd3 Nc5 20. Bxc5 bxc5
21. Rf1 Bd7 22. Kd2 Rdb8 1/2-1/2